Hlídka v Ardenách /
Uloženo v:
| Hlavní autor: | |
|---|---|
| Další autoři: | |
| Médium: | Kniha |
| Jazyk: | Czech |
| Vydáno: |
Praha :
Argo,
2004
|
| Vydání: | Vyd. 1. |
| Edice: | Edice AAA
|
| Témata: | |
| Celkem bylo vypůjčeno: | 9x |
| Tagy: |
Žádné tagy |
| LEADER | 00942nam a2200265 a 4500 | ||
|---|---|---|---|
| 001 | 59956 | ||
| 005 | 20240820142838.0 | ||
| 008 | 040902s2004----xr ---------u-------cze-d | ||
| 015 | |a cnb001414516 | ||
| 020 | |a 80-7203-594-0 : |c 192.00 Kč | ||
| 040 | |a UOG502 |e AACR2 |9 1 |b cze | ||
| 041 | 1 | |a cze |h eng | |
| 100 | 1 | |a Wharton, William, |d 1927- |4 aut |9 46508 | |
| 245 | 1 | 0 | |a Hlídka v Ardenách / |c William Wharton ; [z anglického originálu ... přeložil Ondřej Fafejta] |
| 250 | |a Vyd. 1. | ||
| 260 | |a Praha : |b Argo, |c 2004 | ||
| 300 | |a 208 s. | ||
| 490 | 1 | |a Edice AAA ; |v Sv. 68 | |
| 653 | |a americká literatura |a válečné romány | ||
| 700 | 1 | |a Fafejta, Ondřej, |d 1973- |7 ola2004219929 |4 trl |9 113030 | |
| 830 | 0 | |a Edice AAA | |
| 910 | |a UOG502 | ||
| 999 | |c 59956 |d 59956 | ||
| 942 | 0 | 0 | |0 8 |
| 993 | |0 0 |1 421180059943 |4 0 |7 0 |9 41462 |a 192.00 |b 0 |c 59943 |d 2004-09-02 |e 9 |f SKLAD |h 192.00 |i Kosmas Praha |j 3 |l SKLAD |m 4 |r 2025-03-25 |s 2024-11-29 |t 6 |w 2017-09-19 |y KN |z BELET | ||